| 000 -LEADER |
| fixed length control field |
01718cam a2200445 i 4500 |
| 001 - CONTROL NUMBER |
| control field |
22311003 |
| 005 - DATE AND TIME OF LATEST TRANSACTION |
| control field |
20250407084023.0 |
| 008 - FIXED-LENGTH DATA ELEMENTS--GENERAL INFORMATION |
| fixed length control field |
211115t20192019cc b 000 0 eng c |
| 010 ## - LIBRARY OF CONGRESS CONTROL NUMBER |
| LC control number |
2021424524 |
| 020 ## - INTERNATIONAL STANDARD BOOK NUMBER |
| International Standard Book Number |
9787119119984 |
| 020 ## - INTERNATIONAL STANDARD BOOK NUMBER |
| International Standard Book Number |
7119119982 |
| 020 ## - INTERNATIONAL STANDARD BOOK NUMBER |
| International Standard Book Number |
9787119119960 |
| 020 ## - INTERNATIONAL STANDARD BOOK NUMBER |
| International Standard Book Number |
7119119966 |
| 035 ## - SYSTEM CONTROL NUMBER |
| System control number |
(OCoLC)on1126996925 |
| 040 ## - CATALOGING SOURCE |
| Original cataloging agency |
ER0 |
| Language of cataloging |
eng |
| Description conventions |
rda |
| Transcribing agency |
ER0 |
| Modifying agency |
OCLCF |
| -- |
SINLB |
| -- |
IND |
| -- |
SLY |
| -- |
CSL |
| -- |
OCLCO |
| -- |
UPM |
| -- |
OCLCO |
| -- |
DLC |
| 041 1# - LANGUAGE CODE |
| Language code of text/sound track or separate title |
eng |
| Language code of original |
chi |
| 042 ## - AUTHENTICATION CODE |
| Authentication code |
pcc |
| 043 ## - GEOGRAPHIC AREA CODE |
| Geographic area code |
a-cc--- |
| 050 00 - LIBRARY OF CONGRESS CALL NUMBER |
| Classification number |
HF1604 |
| Item number |
.X52413 2019 |
| 066 ## - CHARACTER SETS PRESENT |
| Alternate G0 or G1 character set |
$1 |
| 100 1# - MAIN ENTRY--PERSONAL NAME |
| Linkage |
880-01 |
| Personal name |
Xi, Jinping, |
| Relator term |
author. |
| 240 10 - UNIFORM TITLE |
| Linkage |
880-02 |
| Uniform title |
<a href="Xi Jinping tan "yi dai yi lu."">Xi Jinping tan "yi dai yi lu."</a> |
| Language of a work |
English |
| 245 14 - TITLE STATEMENT |
| Title |
The Belt and Road Initiative / |
| Statement of responsibility, etc. |
Xi Jinping. |
| 260 ## - PUBLICATION, DISTRIBUTION, ETC. (IMPRINT) |
| Place of publication, distribution, etc. |
Beijing, : |
| Name of publisher, distributor, etc. |
Foreign Languages Press, |
| Date of publication, distribution, etc. |
2019 |
| 300 ## - PHYSICAL DESCRIPTION |
| Extent |
308 pages ; |
| Dimensions |
24 cm |
| 500 ## - GENERAL NOTE |
| General note |
Contains speeches and excerpts on the Belt and Road Initiative delivered by Xi JInping between September 2013 and July 2018. |
| 504 ## - BIBLIOGRAPHY, ETC. NOTE |
| Bibliography, etc |
Includes bibliographical references. |
| 546 ## - LANGUAGE NOTE |
| Language note |
In English, Chinese title on colophon page. |
| 610 20 - SUBJECT ADDED ENTRY--CORPORATE NAME |
| Linkage |
880-03 |
| Corporate name or jurisdiction name as entry element |
Yi dai yi lu (Initiative : China) |
| 650 #0 - SUBJECT ADDED ENTRY--TOPICAL TERM |
| Topical term or geographic name as entry element |
International economic relations. |
| 651 #0 - SUBJECT ADDED ENTRY--GEOGRAPHIC NAME |
| Geographic name |
China |
| General subdivision |
Foreign economic relations |
| Chronological subdivision |
21st century. |
| 651 #0 - SUBJECT ADDED ENTRY--GEOGRAPHIC NAME |
| Geographic name |
China |
| General subdivision |
Economic policy |
| Chronological subdivision |
2000- |
| 651 #0 - SUBJECT ADDED ENTRY--GEOGRAPHIC NAME |
| Geographic name |
China |
| General subdivision |
Politics and government |
| Chronological subdivision |
2002- |
| 880 1# - ALTERNATE GRAPHIC REPRESENTATION |
| Linkage |
100-01/$1 |
| a |
习近平, |
| e |
author. |
| 880 10 - ALTERNATE GRAPHIC REPRESENTATION |
| Linkage |
240-02/$1 |
| a |
习近平谈 "一带一路." |
| l |
English |
| 880 24 - ALTERNATE GRAPHIC REPRESENTATION |
| Linkage |
610-03/$1 |
| a |
一带一路 (Initiative : China) |
| 906 ## - LOCAL DATA ELEMENT F, LDF (RLIN) |
| a |
7 |
| b |
cbc |
| c |
pccadap |
| d |
3 |
| e |
ncip |
| f |
20 |
| g |
y-nonroman |
| 942 ## - ADDED ENTRY ELEMENTS (KOHA) |
| Source of classification or shelving scheme |
|
| Koha item type |
Hard Covered Materials |
| Classification part |
HF1604 .X52413 2019 |